1883 1270 1003 1200 1535 1305 1872 1367 1900 1956 1388 1568 1814 1629 1157 1599 1024 1455 1091 1550 1324 1174 1916 1199 1551 1542 1439 1673 1701 1986 1510 1897 1453 1561 1007 1171 1967 1528 1888 1698 1883 1377 1349 1574 1353 1908 1143 1396 1157 1140 1069 1497 1657 1918 1752 1984 1856 1956 1411 1254 1089 1627 1967 1830 1981 1288 1281 1085 1809 1484 1619 1195 1829 1679 1681 1003 1094 1004 1653 1184 1804 1683 1256 1024 1771 1627 1976 1863 1974 1044 1474 1425 1678 1630 1263 1965 1286 1153 1414 BCNSPRNW ULIB Ver.6.0+V

เปลี่ยนเป็นภาษาไทย

Change to English
 แสดงรายละเอียดบรรณานุกรม
  กลับหน้าหลัก

Brief Record : Get Marc (ISO 2709) : E-mail record : QR code < ปิดหน้าต่าง
LEADER : 00000nam 2200000uu 4500
001    13399122595
003     ULIB
008    020711s2550 th a 000 0 tha d
099    วจ.WY16^bว654ค
100    วิภารัตน์ สุวรรณไวพัฒนะ
245    ความคิดเห็นเกี่ยวกับวิธีรับสมัครและคัดเลือกบุคคลเข้าศึกษาหลักสูตรพยาบาลศาสตร์ ปีการศึกษา 2550 วิทยาลัยพยาบาลบรมราชชนนี นครราชสีมา /^cวิภารัตน์ สุวรรณไวพัฒนะ,ศรีเกียรติ อนันต์สวัสดิ์ และศุภิสรา สุวรรณชาติ
260    นครราชสีมา :^bวิทยาลัยพยาบาลบรมราชชนนี นครราชสีมา,^c2550
300    79 หน้า
650    การรับสมัคร^xนักศึกษาพยาบาล
700    ศรีเกียรติ อนันต์สวัสดิ์
700    ศุภิสรา สุวรรณชาติ
945    ^p0^l0^i026549
999    ^aทศพร เกษรทอง
รายการนี้ยังไม่มีแท็ก
คุณยังไม่ได้ล็อกอิน คุณสามารถมีกิจกรรมร่วมกับเว็บไซต์ได้ แต่ต้องล็อกอินก่อน ::
  ล็อกอิน

รายการสื่อสารสนเทศ

ลำดับที่ ประเภท เลขเรียก/บาร์โค้ด สถานที่ สถานะ
1. วารสาร
วารสาร
วจ.WY16 ว654ค ฉ.1 
  Barcode: 026549
ห้องสมุดวิทยาเขตสวรรค์ประชารักษ์
►วารสาร
บนชั้น
  ขอยืม

รายการใกล้เคียง
    ผู้แต่ง [วิภารัตน์ สุวรรณไวพัฒนะ]

BibComment


ยังไม่เคยถูกคอมเมนท์

คอมเมนท์ทรัพยากรรายการนี้
  คอมเมนท์: ความคิดเห็นเกี่ยว..


 Copyright 2026. Bcnsprnw @Library